Sociální kurátoři v postpeniterciární péčí
Guardado en:
| Autor principal: | |
|---|---|
| Otros Autores: | |
| Formato: | Libro |
| Lenguaje: | checo |
| Publicado: |
Praha
Československý výzkumný ústav práce a sociálních věcí
1979
|
| Colección: | Výskumná práce
řada B, č. 77 |
| Etiquetas: |
Sin Etiquetas, Sea el primero en etiquetar este registro!
|
MARC
| LEADER | 00000nam a2200000 4500 | ||
|---|---|---|---|
| 001 | 0221953 | ||
| 005 | 20240822101659.8 | ||
| 041 | 0 | |a cze | |
| 044 | |a CZ | ||
| 245 | 1 | 0 | |a Sociální kurátoři v postpeniterciární péčí |c L. Junková, M. Čermáková |
| 264 | 1 | |a Praha |b Československý výzkumný ústav práce a sociálních věcí |c 1979 | |
| 300 | |a 185 s. | ||
| 490 | 1 | |a Výskumná práce |v řada B, č. 77 | |
| 830 | 0 | |a Výskumná práce |v řada B, č. 77 | |
| 100 | 1 | |a Junková, L. | |
| 700 | 1 | |a Čermáková, M. | |